V bulharské mateřské škole

Bibliographic Details
Main Author: Klíma, Jan (Author)
Format: Article
Language:Czech

MARC

LEADER 00000nab a2200000uu 4500
001 vtls011437774
003 SK-MaSNL
005 20260303145631.0
008 230222| xo |||||||||||||||||cze|
015 |a SNBRB 
035 |a (urnnbn)urn:nbn:sk:snk:ar-002lok 
035 |a (uuid)988686a6-83ba-4f01-b75e-99385933a2a0 
035 |a urn:nbn:sk:snk-abccut 
040 |a SNKBUCL  |b slo  |c SNKBUCL  |e AACR2 
041 0 |a cze 
044 |a xo  |c SK 
100 1 |a Klíma, Jan  |4 aut  |9 277245 
245 1 0 |a V bulharské mateřské škole  |c Jan Klíma 
773 0 |t Predškolská výchova : pedagogický časopis pre učiteľky materských škôl  |g Roč. 39, č. 10 (1984-1985), s. 24-25 
958 |a OND 
958 |a EUIPO 
958 |a article16 
999 |c 2004222  |d 2006152